000 00663nam a2200229 i 4500
001 bg
100 1 _aCIEŚLAK, Małgorzata
245 1 0 _aEnglish :
_brepetytorium tematyczno-leksykalne 1 /
_cMałgorzata Cieślik.
250 _aWyd. 3.
260 _aPoznań :
_bWagros,
_c1998.
300 _a125 s. :
_brys. ;
_c24 cm.
521 _aDla młodzeży szkolnej, studentów i nie tylko.
650 9 _aJęzyk angielski
655 _aMateriały pomocnicze dla szkół
020 _a8390167638
040 _cBPK
041 w _aengpol
080 _a811.111(075.2/.3)(076)
920 _a83-901676-3-8
942 _cKS
008 s pl f |000 0 pol
999 _c52943
_d52943
856 _uhttp://koha.tu.koszalin.pl/cgi-bin/koha/opac-detail.pl?biblionumber=52943
_yKatalog online BPK